000 00752cam a22002533a 4500
001 23652
003 PGUSA
005 20140828083514.0
008 071128s2007||||xxu|||||s|||||000 p eng d
040 _aPGUSA
_beng
042 _adc
050 4 _aPZ
245 1 4 _aThe Entertaining History of Jobson and Nell
_h[electronic resource] /
_cAnonymous
260 _bProject Gutenberg,
_c2007
506 _aPublic domain in the USA.
516 _aElectronic text
653 _aShoemakers -- Juvenile poetry
653 _aDinners and dining -- Juvenile poetry
653 _aNursery rhymes
740 0 _aEntertaining History of Jobson and Nell
830 0 _aProject Gutenberg
_v23652
856 4 0 _uhttp://www.gutenberg.org/ebooks/23652
942 _cEB
999 _c252907
_d252907